| 000 | 01517cam a2200349 i 4500 | ||
|---|---|---|---|
| 001 | 54793 | ||
| 003 | Mx-PuUPA | ||
| 005 | 20250716130211.0 | ||
| 008 | 140415s2013 sp a gr 000 0 spa d | ||
| 020 | _a9788490550250 | ||
| 040 |
_aMx-PuUPA _bspa _cMx-PuUPA _dMx-PuUPA _erda |
||
| 041 | 1 |
_aspa _hger _hlat |
|
| 100 | 1 |
_aDölger, Franz Joseph, _d1879-1940 _eautor _917329 |
|
| 245 | 1 | 0 |
_aPaganos y cristianos : _bel debate de la antigüedad sobre el significado de los símbolos / _cFranz Josepth Dölger ; prólogo de Mons. José Rico Pavés ; traducción de Milagros García Vázquez (alemán). Iñaki Marro Sánchez (alemán), Pedro Sabe Andreu (griego y latín) |
| 264 | 1 |
_aMadrid : _bEdiciones Encuentro, _c©2013 |
|
| 300 |
_a305 páginas, 8 láminas (sin paginación) : _bilustraciones (en blanco y negro) ; _c23 cm |
||
| 336 |
_2rdacontent _atexto _btxt |
||
| 337 |
_2rdamedia _asin medio _bn |
||
| 338 |
_2rdacarrier _avolumen _bnc |
||
| 490 | 0 |
_aEnsayos ; _v513 |
|
| 650 | 7 |
_2armarc _aCristianismo _xSignos y símbolos |
|
| 650 | 7 |
_2armarc _aIglesia _xHistoria _yPeriodo primitivo 30 a.C. - 600 d.C. |
|
| 650 | 7 |
_2armarc _aCristianismo y otras religiones |
|
| 650 | 7 |
_2armarc _aAntiguedades cristianas |
|
| 700 | 1 |
_aJosé Rico Pavés, _eprologuista |
|
| 700 | 1 |
_aGarcía Vázquez, Milagros, _etraductor |
|
| 700 | 1 |
_aSánchez, Iñaki Marro, _etraductor |
|
| 700 | 1 |
_aAndreu, Pedro Sabe, _etraductor |
|
| 942 |
_2ddc _cLI _h270.1 _iD6218 |
||
| 999 |
_c54793 _d54793 |
||